Langues des chansons ayant gagné l'Eurovision - Statistiques

Statistiques générales
  • Ce quiz a été pris 147 fois
  • Le résultat moyen est 11 sur 15
Statistiques - réponses
Nombre de victoires Langue % Correct
15 Français
100%
35 Anglais
99%
3 Italien
97%
2 Allemand
95%
2 Espagnol
95%
1 Portugais
87%
2 Suédois
87%
3 Néerlandais
73%
2 Norvégien
70%
2 Ukrainien
61%
1 Danois
59%
1 Serbe
55%
3 Hébreu
54%
1 Serbo-croate
10%
1 Tatar de Crimée
7%
Aucun quiz correspondant
Distribution des résultats
% des personnes avec chaque résultat
Percentile par nombre de réponses
Votre historique - résultats
Vous n’avez pas pris ce quiz